[Event "Idaho Senior Open"]
[Site "Boise, ID"]
[Date "2018.06.09"]
[Round "1.1"]
[White "Roland, Jeffrey T"]
[Black "Triggs, Jerry"]
[Result "1/2-1/2"]
[WhiteElo "1700"]
[BlackElo "2046"]
[EventType "swiss"]
[EventRounds "4"]
[EventCountry "USA"]

1. d4 d5 2. c4 e6 3. Nc3 c6 4. e3 Nd7 5. Nf3 Bd6 6. Bd3 f5 7. cxd5 cxd5 8. Bd2
Ngf6 9. Nb5 Bb8 10. Bb4 Nb6 11. Ne5 a6 12. Nc3 Bd6 13. Ba5 Bd7 14. Qb3 Bc7 15.
Bb4 Nc8 16. Ne2 Bd6 17. O-O Qb6 18. Bxd6 Qxb3 19. axb3 Nxd6 20. Rfc1 Rc8 21.
Rxc8+ Bxc8 22. Rc1 Kd8 23. Nc3 Nd7 24. f3 Nxe5 25. dxe5 Nf7 26. f4 b5 27. Na2
Bb7 28. h3 Kd7 29. g4 g6 30. Kf2 Nd8 31. Nc3 Nc6 32. Ne2 Nb4 33. Bb1 Rc8 34.
Rxc8 Bxc8 35. Nd4 Bb7 36. Ke2 Nc6 37. Kd3 b4 38. Nf3 Ke7 39. g5 a5 40. Bc2
Ba6+ 41. Kd2 Bf1 42. h4 Kd7 43. Bd3 Bg2 44. Nd4 Nxd4 45. exd4 Bf3 46. Bb5+ Ke7
47. Bd3 Bg4 48. Ke3 Bd1 49. Kd2 Bxb3 50. Bc2 Bc4 51. Ba4 Ba6 52. b3 Bc8 53.
Bb5 Bd7 54. Ba4 Kd8 55. Kc2 Kc7 56. Kb2 Bc6 57. Kc2 Kb6 58. Kb2 Bb5 59. Kc2
Ka6 60. Kb2 Kb6 61. Kc2 Kc6 62. Kb2 Kb6 63. Kc2 Bxa4 64. bxa4 Ka6 {#d} 1/2-1/2

[Event "Idaho Senior Open"]
[Site "Boise, ID"]
[Date "2018.06.09"]
[Round "1.2"]
[White "Morrow, Hans M"]
[Black "Fucsko, Janos"]
[Result "1/2-1/2"]
[WhiteElo "1900"]
[BlackElo "1657"]
[EventType "swiss"]
[EventRounds "4"]
[EventCountry "USA"]

1. c4 e5 2. g3 Nf6 3. Nc3 Bc5 4. e3 O-O 5. Bg2 c6 6. Nge2 d5 7. cxd5 cxd5 8.
d4 exd4 9. exd4 Bb6 10. O-O h6 11. h3 Nc6 12. Be3 Re8 13. Nf4 Ne7 14. Rc1 g5
15. Nh5 Nxh5 16. Qxh5 Kg7 17. h4 f6 18. hxg5 hxg5 19. Qf3 Be6 20. Na4 Ng6 21.
Nc5 Bxc5 22. Rxc5 g4 23. Qe2 b6 24. Rc3 Rc8 25. Rxc8 Qxc8 26. Rc1 Qd7 27. Qa6
Re7 28. Qa3 Rf7 29. Qc3 Ne7 30. Bf4 Nf5 31. Qd3 Nd6 32. b3 Qb5 33. Qe3 Ne4 34.
Bxe4 dxe4 35. Bh6+ Kg6 36. Bf4 Qd3 37. Qxd3 exd3 38. Rd1 Bf5 39. Kf1 Rd7 40.
Be3 Rc7 41. Rc1 Rc2 42. Rxc2 dxc2 {The game appears to be drawn on move 51
according to the score sheets. Hans stopped recording on move 39 but continued
to make check marks, and Janos' final moves were not legible.} {#d} 1/2-1/2

[Event "Idaho Senior Open"]
[Site "Boise, ID"]
[Date "2018.06.09"]
[Round "1.3"]
[White "Porth, Adam"]
[Black "Presutti, Michael"]
[Result "0-1"]
[WhiteElo "1398"]
[BlackElo "1755"]
[EventType "swiss"]
[EventRounds "4"]
[EventCountry "USA"]

1. d4 d5 2. Nf3 Nf6 3. e3 e6 4. Bd3 c5 5. Nbd2 b6 6. O-O Be7 7. Ne5 O-O 8. f4
Bb7 9. Rf3 cxd4 10. exd4 Ne4 11. Rh3 Nd7 12. Qh5 Ndf6 13. Qh4 Rc8 14. g4 g6
15. Ndf3 Nh5 16. Ng5 h6 17. gxh5 hxg5 18. Qg4 f5 19. Qg2 g4 20. Nxg4 fxg4 21.
Qxg4 Rf6 22. hxg6 Qe8 23. g7 Rg6 24. Rh8+ Kxg7 25. Qxg6+ Qxg6+ {#R} 0-1

[Event "Idaho Senior Open"]
[Site "Boise, ID"]
[Date "2018.06.09"]
[Round "2.1"]
[White "Presutti, Michael"]
[Black "Derryberry, DeWayne"]
[Result "1/2-1/2"]
[WhiteElo "1755"]
[BlackElo "1724"]
[EventType "swiss"]
[EventRounds "4"]
[EventCountry "USA"]

1. d4 e6 2. c4 f5 3. g3 Nf6 4. Bg2 d5 5. Nf3 c6 6. O-O Bd6 7. Bf4 Bxf4 8. gxf4
O-O 9. Nbd2 Ne4 10. Ne5 Bd7 11. Ndf3 Be8 12. Rc1 Bh5 13. cxd5 exd5 14. b4 Bxf3
15. Nxf3 Nd7 16. a4 g5 17. Nxg5 Nxg5 18. fxg5 Kh8 19. h4 f4 20. Qd3 h6 21. Qg6
hxg5 22. hxg5 Qe7 23. Rc3 Qg7 24. Rh3+ Kg8 25. Qxg7+ Kxg7 26. e4 fxe3 27. fxe3
Rxf1+ 28. Bxf1 Re8 29. Bd3 Rh8 30. Rxh8 Kxh8 31. Kf2 Nb6 32. a5 Nc8 33. Kg3
Nd6 34. Kf4 Kg7 35. e4 dxe4 36. Bxe4 Nb5 37. d5 cxd5 38. Bxd5 b6 39. Bc6 Nd4
40. Bd7 bxa5 41. bxa5 a6 42. Ba4 Kg6 43. Ke5 Nf3+ 44. Kd5 Kxg5 45. Kc5 Ne5 46.
Bc6 Kf6 47. Bb7 Ke7 48. Bxa6 Kd8 49. Kb6 Nd7+ 50. Kb7 {#d} 1/2-1/2

[Event "Idaho Senior Open"]
[Site "Boise, ID"]
[Date "2018.06.09"]
[Round "2.2"]
[White "Triggs, Jerry"]
[Black "Fucsko, Janos"]
[Result "0-1"]
[WhiteElo "2046"]
[BlackElo "1657"]
[EventType "swiss"]
[EventRounds "4"]
[EventCountry "USA"]

1. e4 c5 2. Nf3 Nc6 3. d4 cxd4 4. Nxd4 Nf6 5. Nc3 e5 6. Nxc6 bxc6 7. a3 Bc5 8.
Bd3 O-O 9. O-O a5 10. Na4 Ba7 11. c4 Bd4 12. Qe2 d6 13. h3 Rb8 14. Be3 c5 15.
Rac1 Bd7 16. Nc3 Bxe3 17. fxe3 g6 18. Nd5 Ne8 19. Rf2 Qg5 20. Rf3 Be6 21. Rcf1
Bxd5 22. exd5 f5 23. e4 f4 24. Rb1 Rb3 25. Qd1 a4 26. Bc2 Rxf3 27. Qxf3 Nf6
28. Bxa4 Nh5 29. Bd1 Ng3 30. b4 Rb8 31. b5 Qd8 32. Qd3 Qa5 33. Bf3 Rb6 34. Kf2
Kf7 35. Rc1 Rb8 36. Qc3 Qa4 37. Rb1 Rb6 38. Qb3 Qa5 39. Qd3 Qa4 40. Re1 Rb8
41. Bd1 Qa5 42. a4 h5 43. Bc2 Qd8 44. Ra1 Qa5 45. Ra3 g5 46. Qc3 Qd8 47. Qe1
g4 48. Kg1 Qh4 49. Kh2 gxh3 50. gxh3 Rg8 51. Rf3 Qg5 52. a5 Nxe4 53. Qh1 Nd2
{#R} 0-1

[Event "Idaho Senior Open"]
[Site "Boise, ID"]
[Date "2018.06.09"]
[Round "2.3"]
[White "Roland, Jeffrey T"]
[Black "Morrow, Hans M"]
[Result "0-1"]
[WhiteElo "1700"]
[BlackElo "1900"]
[EventType "swiss"]
[EventRounds "4"]
[EventCountry "USA"]

1. d4 Nf6 2. c4 e6 3. Nf3 d5 4. Nc3 Be7 5. Bg5 h6 6. Bh4 c6 7. e3 Nbd7 8. Bd3
dxc4 9. Bxc4 Nd5 10. Bxe7 Qxe7 11. O-O O-O 12. Rc1 a6 13. Bd3 Kh8 14. Bb1 Nxc3
15. Rxc3 f5 16. e4 Rb8 17. exf5 exf5 18. Re1 Qf6 19. Qb3 Qd8 20. a3 b5 21.
Rce3 Bb7 22. Re7 c5 23. Nh4 c4 24. Qh3 Rf6 25. Bxf5 Nf8 26. Qg4 g5 27. h3 Qd6
28. Re8 Rxe8 29. Rxe8 Kg7 30. Qe2 gxh4 31. Re7+ Kh8 32. Rxb7 Rxf5 33. Qe8 Qxd4
34. Qf7 {(Time Forfeit)} {#R} 0-1

[Event "Idaho Senior Open"]
[Site "Boise, ID"]
[Date "2018.06.09"]
[Round "3.1"]
[White "Morrow, Hans M"]
[Black "Derryberry, DeWayne"]
[Result "1-0"]
[WhiteElo "1900"]
[BlackElo "1724"]
[EventType "swiss"]
[EventRounds "4"]
[EventCountry "USA"]

1. e4 e6 2. d4 d5 3. Nc3 Nf6 4. e5 Nfd7 5. Nf3 c5 6. Be3 cxd4 7. Bxd4 Nc6 8.
Bb5 Nxd4 9. Qxd4 a6 10. Bxd7+ Bxd7 11. a3 Be7 12. O-O Rc8 13. Rfe1 O-O 14.
Rac1 Qa5 15. Ne2 Rc4 16. Qd2 Qxd2 17. Nxd2 Rc7 18. c3 Rfc8 19. g3 Bb5 20. Nd4
Bd3 21. Re3 Bg6 22. b4 a5 23. Nb5 Rd7 24. Nb3 axb4 25. axb4 Ra8 26. Ra1 Rxa1+
27. Nxa1 Rd8 28. Nb3 Ra8 29. Na5 b6 30. Nc6 Ra1+ 31. Kg2 Be4+ 32. Rxe4 dxe4
33. Nxe7+ Kf8 34. Nc6 Ra2 35. Kf1 e3 36. fxe3 Rxh2 37. Ncd4 Rh5 38. Nf3 Rh1+
39. Kg2 Rc1 40. g4 h6 41. Kg3 Ke7 42. Nd2 Rg1+ 43. Kf3 f6 44. exf6+ gxf6 45.
Nc4 f5 46. gxf5 exf5 47. Nxb6 h5 48. Nd5+ Kf7 49. Nd4 h4 50. Kf2 Rg5 51. Nf4
Kf6 {And both players stopped recording due to time trouble. The final
position is White Ke7, Pe4 and Black Kc6, and I believe it's Black's
move.--Roland.} {#r} 1-0

[Event "Idaho Senior Open"]
[Site "Boise, ID"]
[Date "2018.06.09"]
[Round "3.2"]
[White "Fucsko, Janos"]
[Black "Presutti, Michael"]
[Result "0-1"]
[WhiteElo "1657"]
[BlackElo "1755"]
[EventType "swiss"]
[EventRounds "4"]
[EventCountry "USA"]

1. Nf3 d5 2. e4 dxe4 3. Ng5 Nf6 4. Nc3 e6 5. Bc4 Be7 6. O-O O-O 7. Ngxe4 c5 8.
d3 Nc6 9. Nxf6+ Bxf6 10. Ne4 Be7 11. c3 Ne5 12. Bb3 Qxd3 13. Bc2 Qxd1 14. Rxd1
b6 15. Bf4 Ng6 16. Bg3 Bb7 17. Nd6 Bxd6 18. Bxd6 Rfe8 19. f3 Rac8 20. Bg3 Kf8
21. h3 Red8 22. Rxd8+ Rxd8 23. Rd1 Rxd1+ 24. Bxd1 e5 25. Bc2 Nf4 26. Kf2 h6
27. h4 Ke7 28. Bh2 Bd5 29. a3 Nh5 30. b3 g6 31. Ke3 f5 32. c4 Bc6 33. g4 fxg4
34. fxg4 Nf6 35. Bd1 Kd6 36. a4 a6 37. Be2 Bg2 38. g5 hxg5 39. hxg5 Ne4 40.
Bd3 Nxg5 41. Bxg6 Nf3 42. Be4 Nxh2 43. Bxg2 Ng4+ 44. Ke2 a5 45. Be4 Nf6 46.
Bc2 e4 47. Ke3 Ke5 48. Bd1 Ne8 49. Bg4 Nd6 50. Be2 Nf5+ 51. Kd2 Kf4 52. Bd1
Ng3 53. Kc3 Nf1 54. Be2 Nh2 55. Kd2 e3+ 56. Kd3 Nf3 57. Bd1 Nd4 58. Kc3 e2
{#R} 0-1

[Event "Idaho Senior Open"]
[Site "Boise, ID"]
[Date "2018.06.09"]
[Round "3.3"]
[White "Baumann, David C"]
[Black "Porth, Adam"]
[Result "0-1"]
[WhiteElo "699"]
[BlackElo "1398"]
[EventType "swiss"]
[EventRounds "4"]
[EventCountry "USA"]

1. d4 d5 2. f4 e6 3. e3 Nf6 4. Bd3 Ne4 5. Nf3 c5 6. c3 Be7 7. Nbd2 c4 8. Bc2
Nd7 9. Ne5 Nxe5 10. fxe5 Bg5 11. Nf3 Bh4+ 12. g3 Bg5 13. Qe2 h5 14. Nd2 h4 15.
g4 h3 16. Nxe4 dxe4 17. Bxe4 Bh4+ 18. Kd1 Qc7 19. Kc2 Bd7 20. Bd2 Ba4+ 21. Kc1
Rc8 22. Bc2 Qc6 23. Rf1 Bxc2 24. Kxc2 Qe4+ 25. Kd1 Bg5 26. Qf3 Qxf3+ 27. Rxf3
Rc6 28. Kc2 Rb6 29. Rb1 Be7 30. Kd1 Ba3 31. Kc2 Be7 32. e4 g5 33. Be3 Ra6 34.
Ra1 Bd8 35. d5 exd5 36. exd5 Ra5 37. d6 Rxe5 38. Bd4 Re2+ 39. Kd1 Rxh2 40.
Bxh8 Rh1+ 41. Ke2 Rxa1 42. a3 h2 43. d7+ Kxd7 44. Rxf7+ Kc8 45. Rh7 h1=Q 46.
Rxh1 Rxh1 47. Ke3 Rh2 48. Bd4 Rxb2 49. Bxa7 b6 50. Kd4 Kb7 51. Bxb6 Bxb6+ 52.
Kxc4 Rg2 53. Kd3 Rxg4 54. Ke2 Rf4 55. c4 g4 56. a4 g3 57. a5 g2 58. a6+ Kxa6
59. c5 g1=Q 60. c6 Qg3 61. c7 Rf2+ 62. Ke1 Qg1# 0-1

[Event "Idaho Senior Open"]
[Site "Boise, ID"]
[Date "2018.06.09"]
[Round "4.1"]
[White "Presutti, Michael"]
[Black "Morrow, Hans M"]
[Result "0-1"]
[WhiteElo "1755"]
[BlackElo "1900"]
[EventType "swiss"]
[EventRounds "4"]
[EventCountry "USA"]

1. d4 Nf6 2. c4 e6 3. Nf3 Bb4+ 4. Bd2 Bxd2+ 5. Qxd2 b6 6. Nc3 Bb7 7. e3 d6 8.
Bd3 Nbd7 9. Ke2 Qe7 10. Rhe1 a6 11. e4 h6 12. e5 Bxf3+ 13. Kxf3 dxe5 14. dxe5
Nh7 15. g3 Ng5+ 16. Kg2 Qc5 17. Qf4 Qc6+ 18. Ne4 Nc5 19. Bc2 O-O 20. h4 Ngxe4
21. Bxe4 Nxe4 22. Qxe4 Qxe4+ 23. Rxe4 Rad8 24. Rae1 Rd7 25. R4e3 Rfd8 26. b3
a5 27. h5 Rd2 28. R3e2 Kf8 29. Rxd2 Rxd2 30. a4 Rd3 31. Re3 Rxe3 32. fxe3 f5
33. exf6 gxf6 34. Kf3 Ke7 35. Ke4 Kd6 36. Kd4 f5 37. e4 c5+ 38. Ke3 Ke5 39.
exf5 Kxf5 40. Kf3 e5 41. Ke3 e4 42. g4+ Kxg4 43. Kxe4 Kg5 44. Ke5 Kxh5 45. Kf5
Kh4 46. Kf4 h5 47. Kf3 Kg5 48. Kg3 Kf5 {#R} 0-1

[Event "Idaho Senior Open"]
[Site "Boise, ID"]
[Date "2018.06.09"]
[Round "4.2"]
[White "Triggs, Jerry"]
[Black "Porth, Adam"]
[Result "1-0"]
[WhiteElo "2046"]
[BlackElo "1398"]
[EventType "swiss"]
[EventRounds "4"]
[EventCountry "USA"]

1. e4 e5 2. Nf3 Nc6 3. Bc4 Bc5 4. Nc3 a6 5. O-O Nf6 6. d3 b5 7. Bd5 Nxd5 8.
exd5 Nd4 9. Nxe5 O-O 10. Ne4 Bb6 11. c3 d6 12. Nf3 Nxf3+ 13. Qxf3 Bb7 14. c4
Bd4 15. Rb1 bxc4 16. dxc4 c5 17. Bf4 Qa5 18. Bxd6 Rfd8 19. Qg3 Qxa2 20. Nxc5
Bxd5 21. cxd5 Qxd5 22. Bc7 Qxc5 23. Bxd8 Rxd8 24. b4 Qc2 25. Rbc1 Qb2 26. Rc4
Be5 27. Qg4 Bc3 28. Qc8 Rf8 29. Rxc3 Qxb4 30. Qc4 Qb7 31. Ra3 Ra8 32. Rfa1 Rc8
33. Qxa6 {#r} 1-0

[Event "Idaho Senior Open"]
[Site "Boise, ID"]
[Date "2018.06.09"]
[Round "4.3"]
[White "Derryberry, DeWayne"]
[Black "Roland, Jeffrey T"]
[Result "1/2-1/2"]
[WhiteElo "1724"]
[BlackElo "1700"]
[EventType "swiss"]
[EventRounds "4"]
[EventCountry "USA"]

1. d4 Nf6 2. Nf3 c5 3. d5 g6 4. Nc3 Bg7 5. e4 d6 6. Be2 O-O 7. O-O Bg4 8. Nd2
Bxe2 9. Qxe2 Nbd7 10. Nc4 a6 11. a4 Rb8 12. a5 Ne8 13. Bf4 Nef6 14. h3 Nh5 15.
Bh2 Bd4 16. g4 Ng7 17. Nd1 b5 18. axb6 Nxb6 19. c3 Nxc4 20. cxd4 Na5 21. dxc5
Nb3 22. Rxa6 Nxc5 23. Rc6 Qa5 24. Qc2 Rb7 25. e5 Nb3 26. exd6 Qxd5 27. dxe7
Re8 28. Ne3 Qf3 29. Rd1 Rbxe7 30. Rc8 Rxe3 31. fxe3 Qxe3+ 32. Kh1 Qf3+ 33. Kg1
Qe3+ 34. Kh1 {#d} 1/2-1/2

[Event "Idaho Senior Open"]
[Site "Boise, ID"]
[Date "2018.06.09"]
[Round "4.4"]
[White "Fucsko, Janos"]
[Black "Baumann, David C"]
[Result "1-0"]
[WhiteElo "1657"]
[BlackElo "699"]
[EventType "swiss"]
[EventRounds "4"]
[EventCountry "USA"]

1. Nf3 d5 2. e4 dxe4 3. Ng5 Bf5 4. Nc3 Nf6 5. Bc4 e6 6. f3 e3 7. d4 Bb4 8. O-O
e2 9. Bxe2 Nbd7 10. g4 Bg6 11. Nh3 Nd5 12. Ne4 f5 13. Bg5 Be7 14. Bxe7 Qxe7
15. Ng3 Ne3 16. Qd2 Nxf1 17. Bxf1 fxg4 18. fxg4 Rf8 19. Re1 O-O-O 20. Qa5 Kb8
21. c3 Nf6 22. Nf5 Rd5 23. Qxd5 Nxd5 24. Nxe7 Nxe7 25. Rxe6 Re8 26. Re5 Nc6
27. Rxe8+ Bxe8 28. Ng5 h6 29. Ne6 g5 30. Kf2 Bd7 31. d5 Ne5 32. h3 Nf7 33. Ke3
Nd6 34. Kd4 b6 35. Ke5 Ne8 36. Bd3 Nd6 37. Nf8 Bb5 38. Bxb5 Nxb5 39. Ng6 Kc8
40. Ne7+ Kd7 41. Ng8 Nd6 42. Nf6+ Ke7 43. Ng8+ Kd7 44. b3 Nf7+ 45. Kf6 Nd6 46.
Kg6 Ke8 47. Nf6+ Ke7 48. Ng8+ Kf8 49. Nxh6 Ne4 50. c4 Ke7 51. Nf5+ Kf8 52. Nd4
Nc5 53. Kxg5 Kf7 54. h4 Nd7 55. Kf5 Nf6 56. Ne6 Ne8 57. h5 Nd6+ 58. Ke5 Ke7
59. Nxc7 Nf7+ 60. Kf4 Kd6 61. Ne6 Ne5 62. h6 {The players played a few more
moves that were not recorded, but we did get a photo of the final position
(photo pending), and I witnessed the last moves too.--Roland.} {#r} 1-0


[Site "Boise, ID"]
[Date "2019.05.18"]
[Round "1.1"]
[White "Henderson, Michael A"]
[Black "Booth, Tom R"]
[Result "1-0"]
[WhiteElo "1800"]
[BlackElo "1567"]
[EventRounds "4"]
[EventCountry "USA"]

1. d4 e6 2. e4 d5 3. Nc3 Nf6 4. Bg5 Be7 5. e5 Nfd7 6. Bxe7 Qxe7 7. f4 a6 8.
Nf3 O-O 9. Qd2 c5 10. g3 cxd4 11. Nxd4 Nc5 12. O-O-O Bd7 13. Bg2 Nc6 14. b4
Nxb4 15. Rhe1 Rac8 16. f5 exf5 17. a3 Ne4 18. Nxe4 Na2+ 19. Kb2 fxe4 20. Kxa2
Rc4 21. Re3 Rfc8 22. Bf1 Ra4 23. Rc3 Rxc3 24. Qxc3 h6 25. Rb1 b5 26. Rb4 Ra5
27. Nb3 Be6 28. Qd4 Ra4 29. Rxa4 bxa4 30. Qxa4 e3 31. Qd4 Qc7 32. Kb2 Bf5 33.
Qc3 Qb6 34. Be2 a5 35. Qd4 Qc7 36. c3 a4 37. Nc5 Qb6+ 38. Qb4 Qd6 {#r} 1-0

[Event "Idaho Senior Open"]
[Site "Boise, ID"]
[Date "2019.05.18"]
[Round "1.2"]
[White "Felice, Louis"]
[Black "Roland, Jeffrey"]
[Result "0-1"]
[WhiteElo "1401"]
[BlackElo "1700"]
[EventRounds "4"]
[EventCountry "USA"]

1. e4 e5 2. Nf3 Nc6 3. d4 exd4 4. c3 dxc3 5. Nxc3 d6 6. Bc4 Be6 7. Bd3 Qd7 8.
O-O O-O-O 9. Be3 Kb8 10. Bb5 Nge7 11. Rc1 a6 12. Bxa6 bxa6 13. Qa4 Kb7 14.
Rfd1 Nb8 15. Qa3 Nec6 16. Na4 Qc8 17. Nc3 Be7 18. b4 Ka8 19. Nd5 Qb7 20. b5
Bxd5 21. bxc6 Bxc6 22. Nd4 Bxe4 23. Rc3 Bxg2 24. Rb1 Qxb1+ 25. Kxg2 Bf6 26.
Rxc7 Bxd4 27. Bxd4 Qe4+ 28. Kg1 Qxd4 29. Qf3+ d5 30. Qb3 Qg4+ 31. Kf1 Qc4+ 32.
Rxc4 dxc4 33. Qxc4 Rd7 34. Qg4 f6 35. h4 Rhd8 36. Qe4+ Ka7 37. Qxh7 Nc6 38.
Qc2 Nd4 39. Qc5+ Kb7 40. a4 Rd5 41. Qb4+ Kc6 42. a5 Rb5 43. Qd2 Rb1+ 44. Kg2
Rg1+ 45. Kh3 Rd5 46. Qc3+ Kd6 47. Qd3 Nb5 48. Qe3 Rgd1 49. Qb6+ Ke5 50. Qxa6
Kf4 51. Qe6 R5d3+ 52. Kg2 Nd4 53. Qd6+ Kg4 54. Qh2 Ne2 55. Qc7 Nf4+ 56. Kh2
Rh3# 0-1

[Event "Idaho Senior Open"]
[Site "Boise, ID"]
[Date "2019.05.18"]
[Round "1.3"]
[White "Fucsko, Janos"]
[Black "Simonson, Jay L"]
[Result "1-0"]
[WhiteElo "1643"]
[BlackElo "685"]
[EventRounds "4"]
[EventCountry "USA"]

1. Nf3 d5 2. e4 dxe4 3. Ng5 Qd5 4. d4 exd3 5. Nc3 Qe5+ 6. Be3 dxc2 7. Qd8+
Kxd8 8. Nxf7+ Ke8 9. Nxe5 Bf5 10. Nd5 Na6 11. Bxa6 Rb8 12. Bxa7 Rc8 13. Bxb7
Nf6 14. Bxc8 Bxc8 15. Nxc7+ Kd8 16. Nf7+ Kxc7 17. Nxh8 g6 18. Nf7 Ba6 19. Rc1
Bd3 20. Ne5 Bh6 21. Nxd3 Bxc1 22. Nxc1 Ne4 23. O-O Nd2 24. Re1 Kd7 25. Re2 Nc4
26. Rxc2 Nd6 27. a4 e5 28. b4 Ke6 29. Rc6 Kd5 30. Rxd6+ Kxd6 31. b5 Kc7 32. a5
Kb7 33. Be3 {#r} 1-0

[Event "Idaho Senior Open"]
[Site "Boise, ID"]
[Date "2019.05.18"]
[Round "2.1"]
[White "Roland, Jeffrey"]
[Black "Henderson, Michael A"]
[Result "0-1"]
[WhiteElo "1700"]
[BlackElo "1800"]
[EventRounds "4"]
[EventCountry "USA"]

1. d4 d5 2. c4 c6 3. Nf3 Nf6 4. Nc3 dxc4 5. a4 Bf5 6. Ne5 e6 7. Nxc4 Bb4 8. g3
Qd5 9. f3 Qxc4 10. e4 Bxc3+ 11. Bd2 Qxd4 12. bxc3 Qe5 13. Qb3 Nxe4 14. O-O-O
Nxd2 15. Rxd2 Qe1+ 16. Rd1 Qe3+ 17. Rd2 Qb6 18. Qa3 Qb1# 0-1

[Event "Idaho Senior Open"]
[Site "Boise, ID"]
[Date "2019.05.18"]
[Round "2.2"]
[White "Presutti, Michael J"]
[Black "Fucsko, Janos"]
[Result "1-0"]
[WhiteElo "1635"]
[BlackElo "1643"]
[EventRounds "4"]
[EventCountry "USA"]

1. e4 Nc6 2. d4 d5 3. e5 Bf5 4. f4 h6 5. Nf3 e6 6. Be3 Nb4 7. Na3 a5 8. Be2
Ne7 9. O-O Bh7 10. Qd2 Nf5 11. Bf2 Be7 12. c3 Na6 13. Nc2 g5 14. g4 Ng7 15.
Be3 Be4 16. fxg5 hxg5 17. Nxg5 f5 18. exf6 Bxf6 19. Nxe4 dxe4 20. Bc4 Rh4 21.
Qg2 Qe7 22. Qxe4 O-O-O 23. Bxa6 bxa6 24. Bf2 Rh3 25. Bg3 Rdh8 26. Na3 Bh4 27.
Qa8+ Kd7 28. Qxh8 Rxg3+ 29. hxg3 Bxg3 30. Nc4 c5 31. Ne5+ Kd6 32. dxc5+ Kxe5
33. Qb8+ Kd5 34. Qxg3 Qxc5+ 35. Rf2 Kc6 36. Kg2 Ne8 37. Rd1 e5 38. Qf3+ Kc7
39. Rfd2 Kb6 40. Qd5 Qe7 41. c4 Qg5 42. c5+ Kb5 43. c6+ Kb6 44. Qb3+ Kxc6 45.
Rc2# 1-0

[Event "Idaho Senior Open"]
[Site "Boise, ID"]
[Date "2019.05.18"]
[Round "2.4"]
[White "Booth, Tom R"]
[Black "Felice, Louis"]
[Result "0-1"]
[WhiteElo "1567"]
[BlackElo "1401"]
[EventRounds "4"]
[EventCountry "USA"]

1. d4 f5 2. e3 Nf6 3. Nf3 g6 4. c4 Bg7 5. Nc3 O-O 6. Be2 d6 7. O-O c6 8. b3
Qe8 9. Bb2 Nbd7 10. Rb1 e5 11. d5 h6 12. dxc6 bxc6 13. Qxd6 Bb7 14. Qd2 Rd8
15. Qc2 e4 16. Nd4 Ne5 17. Rfd1 Qf7 18. c5 Nd5 19. Bc4 Kh8 20. Bxd5 cxd5 21.
Nde2 g5 22. Nb5 Qh5 23. Ng3 Qh4 24. Bxe5 Bxe5 25. Qe2 g4 26. Nd4 Bc8 27. c6 f4
28. exf4 Rxf4 29. Rbc1 Rdf8 30. Nf3 gxf3 31. gxf3 Rxf3 32. Rxd5 Rxf2 33. Qxe4
Qxh2# 0-1

[Event "Idaho Senior Open"]
[Site "Boise, ID"]
[Date "2019.05.18"]
[Round "3.1"]
[White "Henderson, Michael A"]
[Black "Presutti, Michael J"]
[Result "0-1"]
[WhiteElo "1800"]
[BlackElo "1635"]
[EventRounds "4"]
[EventCountry "USA"]

1. d4 } Nf6 2. c4 g6 3. Nc3 Bg7 4. e4 d6 5. Nf3 O-O 6. Be2 e5 7. dxe5 dxe5 8.
Qxd8 Rxd8 9. Bg5 Re8 10. Nd5 Nxd5 11. cxd5 c6 12. Bc4 cxd5 13. Bxd5 Nc6 14.
Bxc6 bxc6 15. Rc1 Ba6 16. Rxc6 Bd3 17. Nd2 Rec8 18. Rc3 Rxc3 19. bxc3 Rc8 20.
Nb3 Bxe4 21. f3 Bb1 22. Kd2 Bxa2 23. Kc2 e4 24. Kb2 Bxb3 25. Kxb3 Rxc3+ 26.
Kb4 exf3 27. Rd1 Rc8 28. gxf3 a6 29. Ka5 Rc5+ {#R} 0-1

[Event "Idaho Senior Open"]
[Site "Boise, ID"]
[Date "2019.05.18"]
[Round "3.3"]
[White "Fucsko, Janos"]
[Black "Felice, Louis"]
[Result "1-0"]
[WhiteElo "1643"]
[BlackElo "1401"]
[EventRounds "4"]
[EventCountry "USA"]

1. Nf3 f5 2. c4 Nf6 3. Nc3 g6 4. d4 Bg7 5. Bf4 O-O 6. h3 d6 7. e3 c6 8. Bd3
Qe8 9. O-O Nbd7 10. d5 cxd5 11. cxd5 Nb6 12. Qb3 h6 13. Nd4 Bd7 14. a4 Ne4 15.
Bxe4 fxe4 16. Ndb5 Rc8 17. Nxa7 Nc4 18. Nxc8 Qxc8 19. Nxe4 Ne5 20. Rac1 Qb8
21. Rc2 Bf5 22. f3 Qa7 23. g4 Bxe4 24. Bxe5 Bxc2 25. Qxc2 Qxe3+ 26. Kg2 Qxe5
27. Qxg6 Qxd5 28. Rf2 Qb3 29. Qe4 e6 30. Rd2 Be5 31. Qg6+ Bg7 32. Qe4 Kh8 33.
Rxd6 Qxb2+ 34. Kf1 Qh2 35. Rxe6 Qxh3+ 36. Ke2 Qg2+ 37. Ke3 Qb2 38. Re7 Qc3+
39. Ke2 Qb2+ 40. Ke3 Bd4+ 41. Qxd4+ Qxd4+ 42. Kxd4 Rxf3 43. Re4 Kg7 44. Kc5
Rf6 45. Re7+ {#r} 1-0

[Event "Idaho Senior Open"]
[Site "Boise, ID"]
[Date "2019.05.18"]
[Round "3.4"]
[White "Simonson, Jay L"]
[Black "Baumann, David C"]
[Result "0-1"]
[WhiteElo "685"]
[BlackElo "712"]
[EventRounds "4"]
[EventCountry "USA"]

1. e4 d5 2. Nc3 Nf6 3. d4 e6 4. Nf3 Bb4 5. Bd2 Nc6 6. Bb5 Bd7 7. O-O O-O 8. h3
a6 9. Bxc6 Bxc6 10. Re1 dxe4 11. Ne5 Bd5 12. Nxd5 Nxd5 13. Rxe4 Bd6 14. Qg4 f5
15. Bg5 fxg4 16. Bxd8 Raxd8 17. Rxg4 Rf4 18. Re1 Rxg4 19. Nxg4 Kf7 20. a3 h5
21. Ne5+ Bxe5 22. dxe5 Ne7 23. c4 c5 24. Rb1 a5 25. b4 axb4 26. axb4 b6 27.
bxc5 bxc5 28. Rb7 Ke8 29. Kh2 g5 30. g3 Rd7 31. Rxd7 Kxd7 32. f4 g4 33. hxg4
hxg4 34. Kg2 Nc6 35. Kf2 Na5 36. Ke3 Nxc4+ 37. Kd3 Nb6 38. Kc3 c4 39. Kb4 Kc6
40. Kc3 Kd5 41. Kb4 Nd7 42. Kc3 Nb8 43. Kc2 Kd4 44. Kd2 Nd7 45. Kc2 Nc5 46.
Kd2 Ne4+ 47. Kc2 Nxg3 48. Kc1 Ne4 49. Kc2 g3 {And now White made an illegal
move that was not caught at the time. The game continued: 50.Kd2 g2 51.Ke3
(Another illegal move K next to K!) 51...g1Q+ 52.Kf3 Qg3+ 53.Ke2 Qe3+ 54.Kd1
Qd2#. --Jeffrey Roland.} 0-1

[Event "Idaho Senior Open"]
[Site "Boise, ID"]
[Date "2019.05.18"]
[Round "4.1"]
[White "Presutti, Michael J"]
[Black "Roland, Jeffrey"]
[Result "1/2-1/2"]
[WhiteElo "1635"]
[BlackElo "1700"]
[EventRounds "4"]
[EventCountry "USA"]

1. e4 e5 2. Nf3 Nf6 3. d4 exd4 4. e5 Ne4 5. Qxd4 d5 6. exd6 Nxd6 7. Bd3 Nc6 8.
Qf4 Be7 9. Nc3 Be6 10. Be3 Bf6 11. O-O O-O 12. Rad1 g6 13. Bd2 Bg7 14. Nb5
Nxb5 15. Bxb5 Nd4 16. Nxd4 Qxd4 17. Qxd4 Bxd4 18. Bh6 Rfd8 19. c3 Rd5 20. Rxd4
Rxb5 21. Rfd1 f6 22. Rd8+ Rxd8 23. Rxd8+ Kf7 24. b3 Rd5 25. Rxd5 {#d} 1/2-1/2